[Event "Barcelona Primavera La Lira op 10th"]
[Site "Barcelona"]
[Date "2017.04.20"]
[Round "1"]
[White "Cabrera Marmol, Manel"]
[Black "Claria Martinez, Albert"]
[Result "1-0"]
[WhiteElo "1836"]
[BlackElo "1195"]
[PlyCount "45"]
[EventDate "2017.04.20"]
[EventType "swiss"]
[EventRounds "9"]
[EventCountry "ESP"]
[SourceTitle "EXT 2018"]
[Source "ChessBase"]
[SourceDate "2017.10.13"]
[SourceVersion "1"]
[SourceVersionDate "2017.10.13"]
[SourceQuality "1"]

1. e4 e5 2. d4 Nc6 3. Nf3 Bd6 4. Bc4 Nf6 5. Nc3 0-0 6. Bg5 h6 7. Bh4 Bb4 8. dxe5 Bxc3+ 9. bxc3 g5 10. exf6 gxh4 11. e5 d6 12. 0-0 dxe5 13. Qxd8 Rxd8 14. Rfe1 Rd6 15. Nxe5 Nxe5 16. Rxe5 Rxf6 17. Re8+ Kg7 18. Rd1 Rf4 19. Bb3 b6 20. Rdd8 Bb7 21. Rxa8 Bxa8 22. Rxa8 Re4 23. Kf1 1-0

[Event "Barcelona La Lira op 35th"]
[Site "Barcelona"]
[Date "2017.02.03"]
[Round "3"]
[White "Garcia Vidal, Emili"]
[Black "Claria Martinez, Albert"]
[Result "1-0"]
[WhiteElo "1475"]
[BlackElo "1167"]
[PlyCount "71"]
[EventDate "2017.01.20"]
[EventType "swiss"]
[EventRounds "8"]
[EventCountry "ESP"]
[SourceTitle "EXT 2018"]
[Source "ChessBase"]
[SourceDate "2017.10.13"]
[SourceVersion "1"]
[SourceVersionDate "2017.10.13"]
[SourceQuality "1"]

1. f4 f5 2. Nf3 e6 3. b3 Be7 4. d4 d5 5. Nc3 a6 6. g3 Nf6 7. Bg2 Nc6 8. e3 0-0 9. 0-0 b5 10. a4 b4 11. Ne2 Ne4 12. Qe1 Qd7 13. Nd2 Nc3 14. Nxc3 bxc3 15. Nb1 Bb4 16. Nxc3 a5 17. Bd2 Ba6 18. Rf2 Rab8 19. Na2 Bxd2 20. Qxd2 Qd6 21. Bf1 Bxf1 22. Raxf1 Rf6 23. Rg2 Rbf8 24. Qe2 g6 25. c4 Qd7 26. c5 Kg7 27. g4 fxg4 28. Rxg4 h6 29. h4 Rf5 30. Rf2 R8f6 31. Rfg2 Qf7 32. Qd3 Ne7 33. Nc3 h5 34. Rg5 Rxg5 35. hxg5 Rf5 36. Ne2 1-0

[Event "Barcelona Primavera La Lira op 9th"]
[Site "Barcelona"]
[Date "2016.06.02"]
[Round "9"]
[White "Perez Ramirez, Placido"]
[Black "Claria Martinez, Albert"]
[Result "1-0"]
[WhiteElo "1249"]
[BlackElo "1198"]
[PlyCount "65"]
[EventDate "2016.04.07"]
[EventType "swiss"]
[EventRounds "9"]
[EventCountry "ESP"]
[SourceTitle "CBM 172 Extra"]
[Source "ChessBase"]
[SourceDate "2016.06.21"]
[SourceVersion "1"]
[SourceVersionDate "2016.06.21"]
[SourceQuality "1"]

1. e4 c5 2. Nf3 Nc6 3. Bc4 e6 4. d4 cxd4 5. Nxd4 Bc5 6. Nf3 h6 7. Nc3 a6 8. a3 Nf6 9. 0-0 d6 10. Re1 0-0 11. Bf4 e5 12. Bg3 Bg4 13. b4 Bd4 14. Qd3 Bh5 15. Nxd4 Nxd4 16. f4 Qb6 17. Kh1 Rfe8 18. f5 Ng4 19. Nd5 Qc6 20. h3 Nf6 21. Nxf6+ gxf6 22. Bh4 d5 23. Qg3+ Kh8 24. Bxd5 Qd6 25. Rac1 Qb6 26. Qe3 Kg7 27. g4 Bg6 28. fxg6 fxg6 29. Bg3 Rac8 30. c3 Red8 31. cxd4 Rxc1 32. Rxc1 exd4 33. Rc7+ 1-0

[Event "Barcelona Primavera La Lira op 9th"]
[Site "Barcelona"]
[Date "2016.04.28"]
[Round "4"]
[White "Claria Martinez, Albert"]
[Black "Astor Martinez, Juan Fernando"]
[Result "1-0"]
[WhiteElo "1198"]
[BlackElo "1542"]
[PlyCount "53"]
[EventDate "2016.04.07"]
[EventType "swiss"]
[EventRounds "9"]
[EventCountry "ESP"]
[SourceTitle "CBM 172 Extra"]
[Source "ChessBase"]
[SourceDate "2016.06.21"]
[SourceVersion "1"]
[SourceVersionDate "2016.06.21"]
[SourceQuality "1"]

1. d4 Nf6 2. Bf4 d5 3. Nc3 a6 4. Qd2 e6 5. a3 Bd6 6. Bg3 0-0 7. 0-0-0 b5 8. Na2 Nbd7 9. Qa5 Bxg3 10. hxg3 Nb6 11. b3 Qd6 12. e3 Rb8 13. Bd3 h6 14. f4 Ne4 15. g4 Nf2 16. Rh4 Nxd3+ 17. Rxd3 Qe7 18. g5 hxg5 19. Rg4 gxf4 20. Rxf4 Qg5 21. g4 Bb7 22. Nf3 Qh6 23. Qe1 Nd7 24. Rd1 Rbe8 25. g5 Qg6 26. Qh1 Qh7 27. Rh4 1-0

[Event "Barcelona Primavera La Lira op 9th"]
[Site "Barcelona"]
[Date "2016.04.14"]
[Round "2"]
[White "Claria Martinez, Albert"]
[Black "Rodriguez Guillen, Carlos"]
[Result "0-1"]
[WhiteElo "1198"]
[BlackElo "1742"]
[PlyCount "32"]
[EventDate "2016.04.07"]
[EventType "swiss"]
[EventRounds "9"]
[EventCountry "ESP"]
[SourceTitle "CBM 172 Extra"]
[Source "ChessBase"]
[SourceDate "2016.06.21"]
[SourceVersion "1"]
[SourceVersionDate "2016.06.21"]
[SourceQuality "1"]

1. d4 Nf6 2. Nc3 g6 3. Bf4 d6 4. e3 Bg7 5. h3 0-0 6. Be2 c5 7. Nf3 cxd4 8. exd4 b6 9. d5 Bb7 10. Bc4 Na6 11. Qd2 Qc7 12. Bxa6 Bxa6 13. 0-0-0 Rfc8 14. Bh6 Ne4 15. Nxe4 Bxh6 16. Neg5 f6 0-1

[Event "Barcelona Primavera La Lira op 8th"]
[Site "Barcelona"]
[Date "2015.04.23"]
[Round "3"]
[White "Aparicio Escudero, Hector F"]
[Black "Claria Martinez, Albert"]
[Result "1-0"]
[WhiteElo "1734"]
[BlackElo "1641"]
[PlyCount "45"]
[EventDate "2015.04.09"]
[EventType "swiss"]
[EventRounds "9"]
[EventCountry "ESP"]
[SourceTitle "CBM 166 Extra"]
[Source "ChessBase"]
[SourceDate "2015.06.18"]
[SourceVersion "1"]
[SourceVersionDate "2015.06.18"]
[SourceQuality "1"]

1. Nf3 Nc6 2. d4 d5 3. e3 e6 4. Bd3 g6 5. 0-0 Bg7 6. c3 Nf6 7. Nbd2 a6 8. e4 dxe4 9. Nxe4 0-0 10. Bg5 b5 11. Re1 Bb7 12. Nc5 Qc8 13. Ne5 Nb8 14. Nxb7 Qxb7 15. Bxf6 Bxf6 16. Be4 c6 17. Qf3 Nd7 18. Bxc6 Qa7 19. Nxd7 Rfd8 20. Nxf6+ Kg7 21. Bxa8 Rxa8 22. Nd7 Rd8 23. Qf6+ 1-0

[Event "Barcelona Primavera La Lira op 8th"]
[Site "Barcelona"]
[Date "2015.04.16"]
[Round "2"]
[White "Claria Martinez, Albert"]
[Black "Montero Domenech, Felix"]
[Result "0-1"]
[WhiteElo "1641"]
[BlackElo "1711"]
[PlyCount "60"]
[EventDate "2015.04.09"]
[EventType "swiss"]
[EventRounds "9"]
[EventCountry "ESP"]
[SourceTitle "CBM 166 Extra"]
[Source "ChessBase"]
[SourceDate "2015.06.18"]
[SourceVersion "1"]
[SourceVersionDate "2015.06.18"]
[SourceQuality "1"]

1. e4 g6 2. d4 Bg7 3. e5 c5 4. Nf3 cxd4 5. Qxd4 Nc6 6. Qd5 Qb6 7. Bc4 e6 8. Qd6 Nh6 9. Bxh6 Bxh6 10. b3 Bf8 11. Qd2 Qc7 12. Qe3 Bg7 13. Nc3 a6 14. 0-0 Nxe5 15. h3 Nxc4 16. bxc4 0-0 17. Nd2 d5 18. Qd3 dxc4 19. Nxc4 Rd8 20. Qe3 Qxc4 21. Rfd1 Bd7 22. Rd3 Bc6 23. Rxd8+ Rxd8 24. Qb6 Rd2 25. Rd1 Bxc3 26. Rxd2 Bxd2 27. Qd8+ Kg7 28. Qxd2 Qd5 29. Qc3+ e5 30. f3 Qd4+ 0-1

[Event "Barcelona La Lira op 33rd"]
[Site "Barcelona"]
[Date "2015.03.13"]
[Round "9"]
[White "Martin Palau, Roger"]
[Black "Claria Martinez, Albert"]
[Result "1-0"]
[WhiteElo "1499"]
[BlackElo "1700"]
[PlyCount "91"]
[EventDate "2015.01.16"]
[EventType "swiss"]
[EventRounds "9"]
[EventCountry "ESP"]
[SourceTitle "EXT 2016"]
[Source "ChessBase"]
[SourceDate "2015.10.08"]
[SourceVersion "1"]
[SourceVersionDate "2015.10.08"]
[SourceQuality "1"]

1. e4 c5 2. c3 e5 3. d4 d5 4. dxe5 Nc6 5. Qxd5 Qxd5 6. exd5 Nxe5 7. Bf4 Bd6 8. Bb5+ Bd7 9. Bxd7+ Kxd7 10. Bxe5 Bxe5 11. Nf3 f6 12. Nbd2 Re8 13. 0-0-0 Bf4 14. Kb1 Ne7 15. g3 Bd6 16. Nc4 Nc8 17. Rhe1 Re7 18. Rxe7+ Nxe7 19. Nxd6 Kxd6 20. Nh4 g5 21. Ng2 Rc8 22. Ne3 c4 23. Rd4 Rc5 24. Nxc4+ Kd7 25. Ne3 Kd6 26. Rd3 Nxd5 27. Nxd5 Rxd5 28. Kc2 Kc5 29. b4+ Kc4 30. Rxd5 Kxd5 31. Kd3 b5 32. f4 g4 33. f5 h5 34. a3 a6 35. Ke3 Ke5 36. Kd3 Kd5 37. a4 bxa4 38. c4+ Kc6 39. Kc3 Kb6 40. Kb2 a5 41. b5 Kc5 42. Ka3 Kb6 43. Kxa4 Kb7 44. Kxa5 Ka7 45. c5 Kb7 46. c6+ 1-0

[Event "Barcelona La Lira op 33rd"]
[Site "Barcelona"]
[Date "2015.01.16"]
[Round "1"]
[White "Claria Martinez, Albert"]
[Black "Serentill Tost, Eduard"]
[Result "0-1"]
[WhiteElo "1700"]
[BlackElo "1618"]
[PlyCount "54"]
[EventDate "2015.01.16"]
[EventType "swiss"]
[EventRounds "9"]
[EventCountry "ESP"]
[SourceTitle "EXT 2016"]
[Source "ChessBase"]
[SourceDate "2015.10.08"]
[SourceVersion "1"]
[SourceVersionDate "2015.10.08"]
[SourceQuality "1"]

1. e4 e6 2. d4 d5 3. e5 c5 4. Nf3 cxd4 5. Nxd4 Qb6 6. Bd2 Qxd4 7. Be2 Qxe5 8. 0-0 Nf6 9. Bc3 Qd6 10. Nd2 Be7 11. Nf3 Nbd7 12. Bb5 0-0 13. b4 a6 14. Ba4 b5 15. Bb3 Bb7 16. a3 Rac8 17. Bb2 e5 18. Re1 d4 19. Ng5 h6 20. Nf3 Rc7 21. Rc1 Rfc8 22. Nd2 Nb6 23. Nb1 Nbd5 24. Re2 Qc6 25. Rxe5 Bd6 26. Rf5 Ne3 27. fxe3 Qxg2# 0-1

[Event "Barcelona Primavera La Lira op 7th"]
[Site "Barcelona"]
[Date "2014.05.29"]
[Round "6"]
[White "Claria Martinez, Albert"]
[Black "Aubeso Duch, Miquel"]
[Result "0-1"]
[WhiteElo "1700"]
[BlackElo "1352"]
[PlyCount "50"]
[EventDate "2014.04.03"]
[EventType "swiss"]
[EventRounds "9"]
[EventCountry "ESP"]
[SourceTitle "EXT 2015"]
[Source "ChessBase"]
[SourceDate "2014.11.20"]
[SourceVersion "1"]
[SourceVersionDate "2014.11.20"]
[SourceQuality "1"]

1. e4 e5 2. Nf3 Nc6 3. Bc4 h6 4. d4 Bd6 5. d5 Na5 6. b3 Nf6 7. Nc3 Bb4 8. Bb2 Nxe4 9. Qd3 Nc5 10. Qe3 d6 11. 0-0 0-0 12. a3 Bxc3 13. Bxc3 Nxc4 14. bxc4 Re8 15. h3 e4 16. Nd4 b6 17. Qg3 Qg5 18. Nc6 e3 19. fxe3 Qxg3 20. Rf3 Qg6 21. Kh2 Qxc2 22. Raf1 f5 23. Rg3 Qxc3 24. e4 Qxc4 25. exf5 Qxf1 0-1

[Event "Barcelona La Lira op 32nd"]
[Site "Barcelona"]
[Date "2014.03.13"]
[Round "9"]
[White "Claria Martinez, Albert"]
[Black "Torras Lemos, Marc"]
[Result "0-1"]
[WhiteElo "1700"]
[BlackElo "1561"]
[PlyCount "60"]
[EventDate "2014.01.16"]
[EventType "swiss"]
[EventRounds "9"]
[EventCountry "ESP"]
[SourceTitle "EXT 2015"]
[Source "ChessBase"]
[SourceDate "2014.11.20"]
[SourceVersion "1"]
[SourceVersionDate "2014.11.20"]
[SourceQuality "1"]

1. e4 e5 2. Nf3 Nc6 3. Nc3 Nf6 4. Bc4 Bc5 5. 0-0 d6 6. d3 Bg4 7. Nd5 h6 8. Be3 Nd4 9. Rc1 Nxd5 10. Bxd5 Nxf3+ 11. gxf3 Bh3 12. Re1 Bxe3 13. Kh1 Bxf2 14. Qd2 Bxe1 15. Rxe1 c6 16. Bb3 Qf6 17. Qf2 g5 18. Qg3 Bd7 19. Qg2 0-0-0 20. Rf1 Qe7 21. a3 d5 22. exd5 f5 23. dxc6 Bxc6 24. Qh3 g4 25. Qg3 gxf3 26. Rxf3 Rd4 27. Qh3 Bxf3+ 28. Qxf3 Rf4 29. Qe3 b6 30. c3 Qb7+ 0-1

[Event "Barcelona La Lira op 32nd"]
[Site "Barcelona"]
[Date "2014.02.20"]
[Round "6"]
[White "Claria Martinez, Albert"]
[Black "Nuri Zomeno, Jesus Antonio"]
[Result "0-1"]
[WhiteElo "1700"]
[BlackElo "1700"]
[PlyCount "66"]
[EventDate "2014.01.16"]
[EventType "swiss"]
[EventRounds "9"]
[EventCountry "ESP"]
[SourceTitle "EXT 2015"]
[Source "ChessBase"]
[SourceDate "2014.11.20"]
[SourceVersion "1"]
[SourceVersionDate "2014.11.20"]
[SourceQuality "1"]

1. e4 e5 2. Nf3 Nc6 3. Bc4 d5 4. Bxd5 Be6 5. Nc3 Nf6 6. Bxe6 fxe6 7. 0-0 Nd4 8. Nxd4 exd4 9. Nb5 Nxe4 10. d3 Nd6 11. Nxd6+ Bxd6 12. c3 Qh4 13. h3 0-0 14. cxd4 Rf7 15. Be3 Raf8 16. Qe2 e5 17. dxe5 Bxe5 18. Rab1 b6 19. b3 c5 20. Qg4 Qe7 21. Bh6 Bd4 22. Be3 Qb7 23. Bxd4 cxd4 24. Qxd4 Rf6 25. g4 Qf3 26. Rb2 Qxh3 27. Re2 h6 28. Re3 Qh4 29. Re2 Qg5 30. Re5 Qg6 31. Rh5 Rf4 32. Qd7 Rxg4+ 33. Kh2 Qxh5# 0-1

[Event "Barcelona La Lira op 32nd"]
[Site "Barcelona"]
[Date "2014.01.16"]
[Round "1"]
[White "Claria Martinez, Albert"]
[Black "Volart Buil, Jordi"]
[Result "0-1"]
[WhiteElo "1700"]
[BlackElo "1784"]
[PlyCount "44"]
[EventDate "2014.01.16"]
[EventType "swiss"]
[EventRounds "9"]
[EventCountry "ESP"]
[SourceTitle "EXT 2015"]
[Source "ChessBase"]
[SourceDate "2014.11.20"]
[SourceVersion "1"]
[SourceVersionDate "2014.11.20"]
[SourceQuality "1"]

1. e4 c5 2. Nf3 b6 3. d4 cxd4 4. Nxd4 Bb7 5. Nc3 a6 6. Be2 e6 7. a3 Nf6 8. Bf3 Qc7 9. g3 Nc6 10. Nxc6 Bxc6 11. 0-0 Rc8 12. Bd2 h5 13. h4 Bc5 14. Bf4 e5 15. Bg5 Bd4 16. Qd2 Bxc3 17. bxc3 Bb5 18. Qe1 Bxf1 19. Qxf1 Qxc3 20. Qe2 Qxa1+ 21. Qf1 Qxf1+ 22. Kxf1 Rxc2 0-1